| 000 | 00935cam a2200229 4500 | ||
|---|---|---|---|
| 008 | 100216s2008 mx 000 0 spa u | ||
| 035 | _aa487313 | ||
| 050 | 0 | 4 |
_aKZ1301 _bR63 2008 |
| 100 | 1 | _aRodríguez Huerta, Gabriela | |
| 245 | 1 | 3 |
_aLa celebración de tratados en el orden constitucional/ _cGabriela Rodríguez Huerta; prol. de José Roldán Xopa, Luis Raigosa Sotelo |
| 250 | _a1a. ed. | ||
| 260 |
_aMéxico : _cSenado de la República, Instituto Tecnológico Autónomo de México, _c2008 |
||
| 300 |
_a123 p. ; _c22 cm. + 1 cd-room (4 3/4 plg.) |
||
| 440 | 0 | _aEl Quehacer en la LX Legislatura, Antecedentes y entorno | |
| 504 | _aBibliografía :p. 117-120 e índice | ||
| 506 | _aDonación | ||
| 650 | 7 |
_aTratados _xNegociación _zMéxico _2Lemb |
|
| 651 | 7 |
_aMéxico _xRelaciones Exteriores _xTratados _2Lemb |
|
| 700 | 1 | _aRoldán Xopa, José, prol. | |
| 700 | 1 | _aRaigosa Sotelo, Luis, prol. | |
| 942 |
_2lcc _cLIB |
||
| 999 |
_c131017 _d131017 |
||